| 000 | 00614nam a22001817a 4500 | ||
|---|---|---|---|
| 999 |
_c183560 _d183560 |
||
| 005 | 20211228152516.0 | ||
| 010 | _aENG-130726 | ||
| 020 |
_a9789389152197 _c399.00 |
||
| 035 | _aEN-114258 | ||
| 037 | _bDBAD | ||
| 082 | _a823.92 | ||
| 100 | _aSanghi, Ashwin | ||
| 245 |
_aThe Vault of Vishnu: _cAshwin Sanghi |
||
| 260 |
_aChennai _bWestland Publication Private Limited _c2020 |
||
| 270 |
_a1st Floor, A Block, East Wing, Plot No. 40, SP Infocity, Dr MGR Saiai, Purungudi, Kandanchavadi _bChennai _e600096 |
||
| 300 |
_a327p _c20 cm(pbk) _bFootnote, References |
||
| 942 |
_2ddc _cEN _h823.92 _mSAN |
||